Music Quiz

Random Music or Song Quiz

Things that know how Nina Simone feels Quiz Stats

Quiz not verified by Sporcle

Challenge
Share
Tweet
Embed
Score 0/9 Timer 03:00
0 Plays Today
% Correct
Birds
88.5%
Breeze
86.5%
Sun
82.7%
Butterflies
78.8%
River
75%
Fish
73.1%
Stars
71.2%
Blossom
61.5%
Scent of the pine
59.6%

You're not logged in!

Compare scores with friends on all Sporcle quizzes.
Sign Up with Email
OR
Log In

You Might Also Like...

Show Comments

Extras

Top Quizzes Today


Score Distribution

Your Account Isn't Verified!

In order to create a playlist on Sporcle, you need to verify the email address you used during registration. Go to your Sporcle Settings to finish the process.